01287nam a2200253 a 4500001001000000005001700010008004100027041000800068044000600076050002200082100001900104245011600123260003900239300006000278500007100338500007400409500003800483500000800521504002600529505039800555650003500953700002200988710002301010BRCA_463920190320204739.0280910s1953----u--a######---#000-0#eng-# aeng au 4aNK2862b.K84 19531 aKühnel, Erns10aCatalogue of Spanish Rugsb12th century to 19th centurycErns Kühnel ; tecnical analysis by Louisa Bellinger. aWashington, D.C.bPublishingc1953 avii, 64 p.bil. (algunas a color), 44 láminasc30 cm. aIncluye apéndice, índice temático, alfabético y numérico aIncluye dos láminas sueltas sobre técnicas de tapetes españoles aMapa en la contrapotada del forro aD49 aBibliografía: p. 590 aEdición compuesta por dos cuadernillos: 1. Texto. -- 2. Láminas (44 ilustraciones y 1 hoja plegable). Así como 4 anexos: 1. June, 1952 Rugs: preservation, display and storage (6 hojas) ; 2. May, 1953 Rugs Analysis: discussion of method (4 hojas y 1 plegable) ; 3. April, 1956 A preliminary study of shaped textile from peru (5 hojas) ; 4. June, 1958 Anew type of peruvian ikat (8 hojas)14aTapetesvCatálogoszEspaña1 aBellinger, Louisa2 aThe Textile Museum